Cartas a mi mujer / (Record no. 196261)

MARC details
000 -LEADER
campo de control de longitud fija 01799nam a2200373 i 4500
001 - NÚMERO DE CONTROL
campo de control 196261
003 - IDENTIFICADOR DE NÚMERO DE CONTROL
campo de control ES-MaACL
005 - FECHA Y HORA DE LA ÚLTIMA TRANSACCIÓN
campo de control 20260307063017.0
008 - DATOS DE LONGITUD FIJA--INFORMACIÓN GENERAL
campo de control de longitud fija 240823s2000 sp | ||| ||spa
016 7# - NÚMERO DE CONTROL DE UNA AGENCIA BIBLIOGRÁFICA NACIONAL
Número de control del registro bimoBNE20010310453
Fuente SpMaBN
017 ## - NÚMERO DE COPYRIGHT O DE DEPÓSITO LEGAL
Número de copyright o de depósito legal M 45448-2000
Agencia que asigna Oficina Depósito Legal Madrid
020 ## - NÚMERO INTERNACIONAL ESTÁNDAR DEL LIBRO
Número Internacional Estándar del Libro 8485498879
035 ## - NÚMERO DE CONTROL DEL SISTEMA
Número de control de sistema (OCoLC)47629505
035 ## - NÚMERO DE CONTROL DEL SISTEMA
Número de control de sistema (SpMaBN)bimo0001661705
035 ## - NÚMERO DE CONTROL DEL SISTEMA
Número de control de sistema 991005784839708606
040 ## - FUENTE DE CATALOGACIÓN
Centro catalogador/agencia de origen SpMaBN
Lengua de catalogación spa
Centro/agencia transcriptor SpMaBN
Normas de descripción rdc
080 ## - NÚMERO DE LA CLASIFICACIÓN DECIMAL UNIVERSAL
Número de la Clasificación Decimal Universal 821.134.2(82)-6"19"
100 0# - ENTRADA PRINCIPAL--NOMBRE DE PERSONA
Nombre de persona Menassa, Miguel Óscar,
Fechas asociadas al nombre 1940-2024
Término indicativo de función/relación Autor
9 (RLIN) 80079
245 10 - MENCIÓN DEL TÍTULO
Título Cartas a mi mujer /
Mención de responsabilidad, etc. Miguel Oscar Menassa.
260 ## - PUBLICACIÓN, DISTRIBUCIÓN, ETC.
Lugar de publicación, distribución, etc. [Madrid] :
Nombre del editor, distribuidor, etc. Grupo Cero,
Fecha de publicación, distribución, etc. [2000].
300 ## - DESCRIPCIÓN FÍSICA
Extensión 86 p. :
Otras características físicas il. ;
Dimensiones 22 cm.
336 ## - TIPO DE CONTENIDO
Fuente rdacontent
Término de tipo de contenido texto
337 ## - TIPO DE MEDIO
Fuente rdamedia
Nombre/término del tipo de medio sin mediación
338 ## - TIPO DE SOPORTE
Fuente rdacarrier
Nombre/término del tipo de soporte volumen
490 1# - MENCIÓN DE SERIE
Mención de serie Colección Narrativa 2001
520 ## - RESUMEN, ETC.
Sumario, etc. Hoy quiero liberarte de la responsabilidad por mi trabajo.<br/><br/>No fue que trabajé como una bestia para que vos pudieras vivir como una reina. Fue que trabajé como una bestia para poder soportar que fueras una reina y vivieras conmigo.<br/><br/>Algunos, algunas podrán decir: una pequeña reina de su propio corazón, una reina sin reino dirán otros pero frente a la poesía siempre te comportaste como una verdadera reina del mar.<br/><br/>Fuiste capaz de acallar el sonido de las olas para que yo escribiera ese silencio.
655 #7 - TERMINO DE INDIZACIÓN--GENERO/FORMA
Fuente del término tgfbne
9 (RLIN) 176539
Datos o término principal de género/forma Poesías
852 ## - LOCALIZACIÓN
Ubicación ES-MaACL
Sublocalización o colección R.154488
Ubicación en estantería Depósito J
Número de control de estantería N-9315
Donativo/Legado Donación: Miguel Oscar Menassa
Encuadernación Encuadernación rústica
itemnumber 205386
903 ## - NOMBRE PERSONAL DE DONANTE
a Menassa, Miguel Óscar,
d 1940-2024
e Donante
9 80079
942 ## - ELEMENTOS DE ENTRADA SECUNDARIOS (KOHA)
Tipo de ítem Koha Libro impreso
Suprimir en OPAC No
Holdings
Estatus retirado Estado de pérdida Fuente del sistema de clasificación o colocación Estado de daño No para préstamo Biblioteca de origen Biblioteca actual Ubicación en estantería Fecha de adquisición Fuente de adquisición Total de préstamos Signatura topográfica completa Código de barras Visto por última vez Precio de reemplazo Tipo de ítem Koha
    Clasificación decimal universal     Biblioteca del Ateneo de Madrid Biblioteca del Ateneo de Madrid Depósito J 10/05/2025 Donación   N-9315 101230038 10/05/2025 10/05/2025 Libro impreso